00788nam a2200205 a 4500001000800000005001700008008004100025020001500066040001300081050002500094245010500119260008600224260007300310300002400383504004100407650003500448650004500483650003200528700002200560BRCA_5820190320202851.0900824s1989 mx-a---##b---s000-0#spa-# a968859041X aDLCcDLC 4aHD1471.M4b.P35 198910aPaternalismo y economía moral en las haciendas mexicanas del porfiriatoceditor Herbert J. Nickel. a[Puebla, México]bGobierno del Estado de Puebla, Comisión Puebla V Centenario aMéxicobUniversidad Iberoamericana, Departamento de Historiac1989 a217 p.bil.c21 cm. aIncluye referencias bibliográficas14aCampesinosxHistoriazMéxico14aPatronos y empleadosxHistoriazMéxico14aHaciendasxHistoriazMexico1 aNickel, Herbert J